Language Quiz

Random Language or Letter Quiz

Every 4 Letter Word Quiz Stats

Quiz Updated Jul 26, 2012

Challenge
Share
Tweet
Embed
Score 0/288 Timer 20:00
14 Plays Today
% Correct
BAIT - BANK
79.8%
BAST - BEAR
78.6%
BEAT - BELS
78.2%
HARP - HAYS
76.7%
CARE - CATE
76.6%
DOME - DORM
75.7%
BOLL - BOOR
75.4%
BANS - BASS
75.1%
CALX - CARD
74.6%
FAKE - FART
74.3%
BELT - BEVY
74.3%
DANG - DAUB
74%
DAUT - DEBS
73.9%
MAIM - MANS
73.7%
ACED - ADOS
73.6%
HALO - HARM
73.3%
FINK - FIZZ
72.4%
RASH - REAL
72.1%
GOER - GORE
71.8%
MANY - MAST
71.5%
FONS - FOSS
71.4%
DICE - DIME
71.3%
BOOS - BOTS
71.2%
MOPE - MOTH
71.1%
HEIR - HERE
70.8%
HIGH - HISS
70.8%
DURR - EARS
70.7%
FASH - FEAT
70.6%
BILK - BIRR
70.5%
AAHS - ABYS
70.5%
WELL - WHEE
70.3%
BOAT - BOLE
70.3%
BAAL - BAIL
70.3%
DOCS - DOLT
70.2%
MAZE - MELL
69.9%
HAZE - HEIL
69.7%
BOTT - BRAT
69.6%
HONK - HOTS
69.5%
MIRY - MOCK
69.3%
CADS - CALO
69.2%
PONS - PORT
69.2%
DIMS - DIRT
69.1%
LOOT - LOTS
68.8%
ARES - ARYL
68.8%
LOGO - LOOS
68.7%
CATS - CELT
68.7%
FECK - FENS
68.7%
MILT - MIRS
68.6%
SALE - SARD
68.6%
BLET - BOAS
68.5%
TIER - TINT
68.5%
FOUL - FRIG
68.2%
FICO - FINE
67.8%
TALK - TARN
67.6%
FRIT - FUGU
67.5%
COOL - CORN
67.5%
SEAR - SEGO
67.4%
RING - ROAN
67.4%
NEVI - NINE
67.4%
HAGS - HALM
67.3%
DEBT - DEKE
67.3%
HOKE - HONG
67.2%
LION - LOAD
67%
EYNE - FAIR
66.9%
DAFF - DAMS
66.6%
LOUD - LUES
66.4%
EASE - ECUS
66.4%
QUAY - RAFT
66.2%
JABS - JATO
66.2%
NAFF - NARC
66.1%
SHAM - SHOE
65.7%
HUGE - HURL
65.7%
DUCK - DUMA
65.6%
BUSY - CADI
65.5%
MICS - MILS
65.2%
BULB - BUOY
65%
DOVE - DREG
64.6%
MAAR - MAIL
64%
BURA - BUST
63.9%
RAGA - RAKU
63.8%
WAIR - WANY
63.8%
APER - AREA
63.8%
ROOD - ROTO
63.5%
TETH - THIN
63.5%
TOLU - TOPE
63.4%
LAME - LASH
63.3%
ALMS - AMID
63.2%
MATE - MAYS
63.1%
CLUB - COED
63%
COLT - COOK
63%
SACS - SAKI
63%
DUMB - DURO
62.9%
REAM - REEL
62.8%
NARD - NEEM
62.8%
POSE - PRAO
62.6%
CULT - CUSP
62.6%
% Correct
RALE - RASE
62.6%
SIMA - SITH
62.4%
TEAK - TEFF
62.4%
SICK - SILT
62.4%
CUSS - DADS
62.3%
AGLY - AINS
62.3%
BEYS - BILE
62.2%
NORM - NUKE
62.1%
BISE - BLED
62.1%
GAIN - GANG
62%
DREK - DUCI
61.6%
PAGE - PANE
61.6%
DELE - DENY
61.3%
MUSH - NADA
61.3%
TEGG - TEST
61.2%
GLUM - GODS
60.9%
PASS - PEAL
60.8%
LASS - LAYS
60.8%
PIER - PINE
60.6%
HIST - HOGS
60.6%
KISS - KNOB
60.6%
MOLY - MOOT
60.5%
PANG - PASH
60.5%
LIDS - LIMA
60.4%
TRAP - TROG
60.4%
GRAT - GROT
60.4%
POKE - PONG
60.3%
GINK - GLAM
60.2%
TACO - TALI
60.2%
MOCS - MOLT
60.1%
PUNT - PUTT
60%
BROS - BUHR
60%
ROAR - ROMS
59.8%
WONS - WOST
59.8%
LAZE - LEES
59.6%
BRAW - BROO
59.5%
RUER - RUNT
59.4%
JOEY - JOWL
59.4%
ADZE - AGIO
59.2%
MESA - MICK
59%
RIDE - RIND
58.9%
SARI - SCAG
58.9%
GUMS - GYRI
58.9%
RESH - RICK
58.8%
LADE - LAMB
58.8%
MELS - MERL
58.8%
HURT - IBIS
58.7%
DORP - DOUX
58.5%
CLAM - CLOY
58.2%
MOTS - MUGS
58.1%
PEAN - PEER
58.1%
FLUX - FOND
58%
LIMB - LINY
58%
KEYS - KILL
58%
ASCI - AURA
58%
NULL - OBAS
57.8%
THIO - TIED
57.8%
WIND - WISS
57.7%
DISC - DOCK
57.6%
ALBS - ALME
57.6%
TOSH - TRAM
57.6%
COYS - CROP
57.5%
HERL - HIES
57.4%
LOAF - LOGE
57.4%
NOGG - NORI
57.4%
COFF - COLS
57.3%
IMPS - IOTA
57.3%
LEST - LIDO
57.2%
SHOG - SICE
57.2%
TOED - TOLL
57.2%
SEGS - SERE
57.1%
FLAB - FLEW
57.1%
KILN - KIRS
57.1%
CORS - COXA
56.7%
OURS - OXEN
56.6%
RUSE - SACK
56.6%
SONE - SORN
56.5%
AUTO - AWOL
56.4%
LURE - LYSE
56.3%
PUJA - PUNS
56.3%
JOWS - JUPE
56%
FUJI - FUZE
56%
TUFT - TURN
56%
CENT - CHAT
55.9%
HOUR - HUFF
55.9%
PING - PITA
55.9%
TINY - TOEA
55.8%
ANGA - APED
55.8%
SCAM - SEAM
55.8%
JELL - JIFF
55.4%
SNOT - SODS
55.4%
DERE - DIBS
55.4%
CHAW - CHOP
55.3%
GAOL - GAUN
55.3%
OPAL - ORES
55.2%
WAPS - WATS
55.2%
% Correct
ROTS - RUED
55%
FLEX - FLUS
55%
SPOT - STEM
54.9%
LEET - LESS
54.8%
TOPH - TORY
54.7%
GROW - GULS
54.4%
TROP - TUFF
54.3%
CHOW - CLAG
54.3%
GORM - GRAN
54.3%
EGGS - ELMY
54.2%
AMIE - ANEW
54.2%
PITH - PLOD
54.1%
AIRN - ALBA
54.1%
GAUR - GELD
54%
WHOP - WIMP
53.9%
SOFA - SOMS
53.8%
EWER - EYES
53.8%
JIGS - JOES
53.7%
WHEN - WHOM
53.6%
PLOP - POIS
53.4%
TARO - TAXI
53.4%
CROW - CULM
53.1%
ESES - EVIL
53%
ZITS - ZYME
53%
LUFF - LUNY
52.9%
PRAT - PROG
52.7%
MULE - MUSE
52.6%
VALE - VAUS
52.5%
SLIP - ****
52.2%
JURA - KAIN
52%
WATT - WEAR
51.9%
GELS - GHEE
51.9%
FEOD - FICE
51.7%
ICED - IGGS
51.5%
PROM - PUGS
51.3%
VERB - VIER
51.3%
SORT - SPAM
51.1%
JAUK - JEHU
51%
EDDO - EGER
51%
NIPA - NOES
50.8%
SERF - SHAH
50.5%
SKIS - SLIM
50.5%
STEP - STUN
50.2%
ELSE - ENUF
50.2%
NEEP - NEVE
50%
REES - REPS
49.7%
AWRY - AZON
49.5%
IRED - IZAR
49.1%
OMIT - OPAH
49.1%
PERE - PHAT
48.8%
YOND - YUKS
48.7%
ZEKS - ZITI
48.4%
URPS - VAIR
47.9%
SURE - SWOP
47.7%
SITS - SKIP
47.7%
VAVS - VERA
47.6%
VIES - VISA
47.5%
PEES - PEPS
47.1%
ENVY - ERST
46.9%
GYRO - HAFT
46.6%
WIST - WONK
46.4%
KUNA - LACY
45.2%
SPAN - SPIV
45%
SWOT - TACK
44.6%
YULE - ZEIN
44.4%
GHIS - GIMP
44.4%
GLED - GLUG
44.3%
KAVA - KEGS
44.1%
KNOP - KOLO
43.9%
OXES - PADS
43.9%
WEBS - WELD
43.9%
ODOR - OINK
43.6%
TUSH - TYER
43.4%
UNDO - URNS
43.3%
KAKA - KATS
43.3%
VISE - VUGS
42.9%
FUZZ - GAGS
42.7%
XYST - YARN
42.6%
YAUD - YELD
42.3%
SULK - SURD
42.2%
OBES - ODIC
42.1%
WABS - WAIN
42.1%
STYE - SUKS
41.4%
SMEW - SNOG
41.3%
YELK - YIPE
40.8%
IGLU - IMPI
40.5%
PUTZ - QUAI
39.5%
KEIR - KETO
38.9%
OKAS - OMER
38.8%
PHEW - PIED
37.9%
TYES - UGHS
34.6%
WOTS - WYTE
32.5%
UGLY - UNDE
31.5%
YIPS - YOLK
29.2%
ORGY - OUPH
24.1%
KONK - KUFI
21.8%

You're not logged in!

Compare scores with friends on all Sporcle quizzes.
Join for Free
OR
Log In

You Might Also Like...

Show Comments

Extras

Top Quizzes Today


Score Distribution

Your Account Isn't Verified!

In order to create a playlist on Sporcle, you need to verify the email address you used during registration. Go to your Sporcle Settings to finish the process.

Report this User

Report this user for behavior that violates our Community Guidelines.

Details: